Violencia política en Colombia de la nación fragmentada a la construcción del estado (Registro nro. 44168)

Detalles MARC
000 -ENCABEZADO
Número de control [NR] 01233nam a2200289Ia 4500
008 - DE LONGITUD FIJA DE DATOS DE ELEMENTOS - INFORMACIÓN GENERAL
Elementos de longitud fija [NR] 130821s2002 ck a gr spa
020 ## - NUMERO INTERNACIONAL NORMALIZADO PARA LIBROS [R]
Número Internacional Normalizado del libro [NR] 9586440850
040 ## - FUENTE DE CATALOGACION [NR]
Agencia de catalogación original [NR] Co-BoUCM
Idioma de catalogación [NR] spa
041 00 - CODIGO DE IDIOMA [R]
Código de idioma para texto/pista de sonido o título separado [R] Español
100 1# - ASIENTO PRINCIPAL--NOMBRE PERSONAL [NR]
Nombre personal [NR] González González, Fernán Enrique
Fechas asociadas con el nombre [NR] 1939-
ID Autoridad 100459
245 10 - MENCION DE TITULO [NR]
Título [NR] Violencia política en Colombia de la nación fragmentada a la construcción del estado
Mención de responsabilidad, etc. [NR] Fernán Enrique González,. Ingrid J. Bolívar; Teófilo Vázquez
260 ## - PUBLICACION, DISTRIBUCION, ETC. (PIE DE IMPRENTA) [R]
Lugar de publicación, distribución, etc. [R] Bogotá (Colombia)
Nombre del editor, distribuidor, etc. [R] CINEP
Fecha de publicación, distribución, etc. [R] 2002
300 ## - DESCRIPCION FISICA [R]
Extensión [R] 336 páginas
Otros detalles físicos [NR] gráficas, cuadros, tablas
Material acompañante [NR] 1 CD-ROM
500 ## - NOTA GENERAL [R]
Nota general [NR] CD-ROM incluye material complementario.
504 ## - NOTA DE BIBLIOGRAFIA, ETC. [R]
Nota de bibliografía, etc. [NR]
650 04 - ASIENTO SECUNDARIO DE MATERIA - TERMINO TEMATICO [R]
Término temático o nombre geográfico como elemento de entrada [NR] Actividades subversivas
Subdivisión general [R] Historia
Subdivisión geográfica [R] Colombia
9 (RLIN) 8444
650 04 - ASIENTO SECUNDARIO DE MATERIA - TERMINO TEMATICO [R]
Término temático o nombre geográfico como elemento de entrada [NR] Conflicto armado
Subdivisión general [R] Historia
Subdivisión geográfica [R] Colombia
9 (RLIN) 33978
650 04 - ASIENTO SECUNDARIO DE MATERIA - TERMINO TEMATICO [R]
Término temático o nombre geográfico como elemento de entrada [NR] Guerrillas
Subdivisión general [R] Historia
Subdivisión geográfica [R] Colombia
9 (RLIN) 33979
650 04 - ASIENTO SECUNDARIO DE MATERIA - TERMINO TEMATICO [R]
Término temático o nombre geográfico como elemento de entrada [NR] Violencia política
Subdivisión general [R] Historia
Subdivisión geográfica [R] Colombia
9 (RLIN) 44021
650 04 - ASIENTO SECUNDARIO DE MATERIA - TERMINO TEMATICO [R]
Término temático o nombre geográfico como elemento de entrada [NR] Violencia
9 (RLIN) 422
650 04 - ASIENTO SECUNDARIO DE MATERIA - TERMINO TEMATICO [R]
Término temático o nombre geográfico como elemento de entrada [NR] Violencia
Subdivisión general [R] Historia
Subdivisión geográfica [R] Colombia
9 (RLIN) 8227
700 1# - ASIENTO SECUNDARIO - NOMBRE PERSONAL [R]
Nombre personal [NR] Bolívar Ramírez, Ingrid Johanna
9 (RLIN) 78755
700 1# - ASIENTO SECUNDARIO - NOMBRE PERSONAL [R]
Nombre personal [NR] Vásquez, Teófilo
9 (RLIN) 154435
710 2# - ASIENTO SECUNDARIO - NOMBRE CORPORATIVO [R]
Nombre corporativo o de jurisdicción como elemento de entrada [NR] Centro de Investigación y Educación Popular. CINEP
9 (RLIN) 29651
942 ## - ELEMENTOS DE ENTRADA AGREGADOS (KOHA)
Tipo de ítem principal el descrito en 300a Libro
Tema principal Sociología
Edición 1
Parte restante de la signatura top. G643v
Sistema de clasificación DEWEY
Clasificación 303.6
Existencias
Fecha de último préstamo Total préstamos Total Renewals Signatura topográfica Código de barras Última vez visto Ejemplar Price effective from Tipo de ítem Perdido Sistema de clasificación Dañado No prestable Tipo de ítem específico Suprimido Ubicación habitual Ubicación actual Localización Fecha de creación Forma de adquisición Costo
04/12/2020 38 6 303.6 G643v 100109560 09/12/2025 Ej.4 03/02/2013 Libro   DEWEY     Libro   Claustro Claustro 2do piso 28/02/2010 Compra 75000.00
29/01/2024 25 27 303.6 G643v 100098958 09/12/2025 Ej.2 03/02/2013 Libro   DEWEY     Libro   Claustro Claustro 2do piso 28/02/2009 Compra 62500.00
30/04/2025 35 17 303.6 G643v 100098959 09/12/2025 Ej.5 03/02/2013 Libro   DEWEY     Libro   Claustro Claustro 2do piso 28/02/2009 Compra 62000.00
01/09/2012 73   303.6 G643v 100068988 09/12/2025 Ej.1 03/02/2013 Libro de reserva   DEWEY     Libro de reserva   Claustro Claustro 2do piso 28/02/2004 Compra 49500.00